00451nam a2200121Ia 4500008004100000100002900041245009200070245002900162260005300191260000900244650001500253856006100268170221s9999 xx 000 0 und d aRisyawati Mohamed Ismail 4aThe Mystification of Genetically Modified Food Nourishing the Faith, Feeding the Tummy  cRisyawati Mohamed Ismail bInternational Review of Management and Marketing c2013 xMarketing. uhttp://www.econjournals.com/index.php/irmm/issue/view/97